Sdruženie umbilikálnej endometriózy s adnexálnymi ložiskami

Bibliographic Details
Main Author: Schwarz, Teodor, 1892-1980 (Author)
Format: Article
Language:Slovak

MARC

LEADER 00000nab a2200000ua 4500
001 vtls010749751
003 SK-MaSNL
005 20260304200926.0
008 250718s1934 xo |||||||||||||||||slo|
035 |a (urnnbn)urn:nbn:sk:snk:ar-a03kpw 
035 |a (uuid)1775745d-6df0-43a8-98f0-fd9d09a96682 
035 |a urn:nbn:sk:snk-ab5c4p 
040 |a SNKBUCL  |b slo  |c SNKBUCL  |e AACR2 
041 0 |a slo 
044 |a xo  |c SK 
100 1 |a Schwarz, Teodor,  |d 1892-1980  |4 aut  |9 81211 
245 1 0 |a Sdruženie umbilikálnej endometriózy s adnexálnymi ložiskami  |c Teodor Schwarz 
773 0 |t Bratislavské lekárske listy  |g Roč. 14, č. 1 (1934), s. 19-24 
850 |a Slovenská národná knižnica 
852 |a Slovenská národná knižnica 
954 |a odborná, vedecká literatúra pôvodná (slovenská)  |2 lita 
958 |a article3 
958 |a OND 
958 |a EUIPO 
999 |c 3091981  |d 3093911